00000000nam 2200000zi 4500
0019.922047
003CaOODSP
00520230428101138
006m     o  d f      
007cr bn|||||||||
008230428t19811980onca    ob   f000 0 fre d
020 |a0662109783 |q(imprimé)
040 |aCaOODSP|bfre|erda|cCaOODSP
0410 |afre|bfre|beng
043 |an-cn-on
0861 |aEn42-1/4-80-2F-PDF
0861 |aEn43-4/1980-2F
1001 |aGuo, P. H. M., |eauteur.
24510|aTraitement par boues activées et au charbon actif des effluents d'une usine de préservation du bois contenant du pentachlorophénol / |cP.H.M. Guo, P.J.A. Fowlie, V.W. Cairns et B.E. Jank.
264 1|a[Burlington, Ont.] : |bCentre technique des eaux usées, Service de la protection de l'environnement, Environnement Canada, |c1981.
264 4|c©1980
300 |a1 ressource en ligne (xi, 75 pages) : |billustrations.
336 |atexte|btxt|2rdacontent/fre
337 |ainformatique|bc|2rdamedia/fre
338 |aressource en ligne|bcr|2rdacarrier/fre
4901 |aLes rapports du Service de la protection de l'environnement
500 |aPublié aussi en anglais sous le titre : Activated sludge and activated carbon treatment of a wood preserving effluent containing pentachlorophenol.
500 |a« Rapport EPS 4-WP-80-2F. »
500 |aSur la couverture : Technologie, rapport EPS 4-WP-80-2F.
500 |aSur la couverture : Septembre 1981.
500 |aÉdition numérisée de l'imprimé [par Environnement et changement climatique Canada].
504 |aComprend des références bibliographiques (page 49).
546 |aComprend des résumés en français et en anglais.
650 6|aEaux usées|xÉpuration|xProcédé des boues activées|zOntario|zThunder Bay.
650 6|aEaux usées|xÉpuration|xAdsorption|zOntario|zThunder Bay.
650 6|aBois|xConservation|xDéchets|xÉlimination|xAspect de l'environnement|zOntario|zThunder Bay.
650 6|aProduits de préservation du bois|xAspect de l'environnement|zOntario|zThunder Bay.
650 6|aPentachlorophénol|xAspect de l'environnement|zOntario|zThunder Bay.
7101 |aCanada. |bService de la protection de l'environnement, |eorganisme de publication.
7102 |aCentre technique des eaux usées (Canada), |eorganisme de publication.
7101 |aCanada.|bDirection générale de la lutte contre la pollution des eaux, |eorganisme de publication.
77508|tActivated sludge and activated carbon treatment of a wood preserving effluent containing pentachlorophenol / |w(CaOODSP)9.922043
830#0|aSérie de rapports du Service de la protection de l'environnement.|w(CaOODSP)9.866045
85640|qPDF|s2.56 Mo|uhttps://publications.gc.ca/collections/collection_2023/eccc/en42/En42-1-4-80-2-fra.pdf